| 000 | 00724nam a2200253 a 4500 | ||
|---|---|---|---|
| 001 | 18579 | ||
| 003 | BD-RjuL | ||
| 005 | 20211209000315.0 | ||
| 008 | 140220t1971 enk b 001 0 eng d | ||
| 020 | _a0333000536 (pbk) | ||
| 035 | _a(BD-RjUL)18637 | ||
| 040 |
_aCLU _cCLU _dEQO _dBD-RjUL _beng |
||
| 041 | _aeng | ||
| 082 | 0 | 4 |
_a821.709 _bFRJ 1971 |
| 090 |
_aPR4837 _b.F862 1985 |
||
| 245 | 1 | 0 |
_aJohn Keats, Odes : _ba casebook / _cedited by G.S. Fraser. |
| 260 |
_aLondon : _bMacmillan, _c1971. |
||
| 300 |
_a244 p. ; _c19 cm. |
||
| 504 | _aIncludes index. | ||
| 600 | 1 | 0 |
_aKeats, John, _d1795-1821. _957250 |
| 700 |
_aFraser, G. S. _q(George Sutherland), _952113 |
||
| 830 | 0 |
_aCasebook series _957251 |
|
| 942 |
_2ddc _cBK |
||
| 999 |
_c18579 _d18579 |
||